ბათუმის შოთა რუსთაველის სახელმწიფო უნივერსიტეტის ბიბლიოთეკა

ბასკური ენა და ბასკურ-კავკასიური ჰიპოთეზა (ბიბ.ჩანაწერი № 51058)

000 -LEADER
fixed length control field 00867nam a2200217Ia 4500
001 - CONTROL NUMBER
control field 18015
003 - CONTROL NUMBER IDENTIFIER
control field GE_BSU
008 - FIXED-LENGTH DATA ELEMENTS--GENERAL INFORMATION
fixed length control field 181216s||||||||xx |||||||||||||| ||und||
040 ## - CATALOGING SOURCE
Transcribing agency GE_BSU
080 ## - UNIVERSAL DECIMAL CLASSIFICATION NUMBER
Universal Decimal Classification number 811.361
245 ## - TITLE STATEMENT
Title ბასკური ენა და ბასკურ-კავკასიური ჰიპოთეზა
245 ## - TITLE STATEMENT
Statement of responsibility, etc. არნ. ჩიქობავას წინასიტყვ. და რედაქციით.
260 ## - PUBLICATION, DISTRIBUTION, ETC.
Place of publication, distribution, etc. თბილისი
260 ## - PUBLICATION, DISTRIBUTION, ETC.
Name of publisher, distributor, etc. თბილ. უნ-ტის გამ-ბა
260 ## - PUBLICATION, DISTRIBUTION, ETC.
Date of publication, distribution, etc. 1976
300 ## - PHYSICAL DESCRIPTION
Extent 114გვ. ; 21სმ.
300 ## - PHYSICAL DESCRIPTION
Accompanying material საძიებლები: გვ. 111-114.
653 ## - INDEX TERM--UNCONTROLLED
Uncontrolled term ბასკური ენა და ბასკურ-კავკასიური ჰიპოთეზა
653 ## - INDEX TERM--UNCONTROLLED
Uncontrolled term ბასკური ენა;
942 ## - ADDED ENTRY ELEMENTS (KOHA)
Koha item type წიგნი
ეგზემპლარები
Withdrawn status Lost status Damaged status Not for loan Date acquired Barcode Date last seen Price effective from Koha item type Public note
        2018-12-17 45934 2018-12-17 2018-12-17 წიგნი  
        2018-12-17 45935 2018-12-17 2018-12-17 წიგნი  
        2018-12-17 45936 2018-12-17 2018-12-17 წიგნი  
        2018-12-17 45937 2018-12-17 2018-12-17 წიგნი  
        2018-12-17 45938 2018-12-17 2018-12-17 წიგნი  
        2018-12-17 45939 5ლ. 2018-12-17 2018-12-17 წიგნი 5ლ.
        2018-12-17 45940 5ლ. 2018-12-17 2018-12-17 წიგნი 5ლ.
        2018-12-17 46217-5ლ. 2018-12-17 2018-12-17 წიგნი